Представление документа в формате RUSMARC

ПолеНазваниеЗначение
  Тип записи a
  Библиографический уровень a
001 Контрольный номер RU/REG73/CBS_GRAD/7c1d359822a44afba8a8714373fc5c3d
005 Дата корректировки 20240131203734.4
100 Данные общей обработки __
a Данные общей обработки 20240112d20230913|||c0rusy0189 ca
101 Язык документа 0_
a Язык текста rus
102 Страна публикации __
a Страна публикации RU
200 Заглавие и сведения об ответственности 1_
a Заглавие Кто составил утренние и вечерние молитвы?
e Сведения, относящиеся к заглавию Школа православия
461 Уровень набора _0
1 2000
a Православный Симбирск
463 Уровень физической единицы _0
1 2000
a № 17 (601) (13 сент.)
v С.5.
1 2101
d 2023
1 001UONB/MAIN/f8aa58321f6c4929bc106f8686267b08
610 Ключевые слова 0_
a Ключевые слова молитвы, православие
686 Индексы других классификаций __
a Классификационный индекс 86.372
2 Код системы rubbk
700 Автор _1
a Фамилия Трофимов
b Имя (инициалы) Д.
g Полное личное имя Дмитрий
801 Источник записи _0
a Страна RU
b Организация RuCBSGrad
c Дата составления 20240112
g Правила каталогизации RCR
801 Источник записи _1
a Страна RU
b Организация RuCBSGrad
c Дата составления 20240112
g Правила каталогизации RCR
852 Данные о местонахождении __
a Наименование организации МБУК "ЦБС г. Димитровграда"
m Каталогизатор Тенигина
901 Тип документа __
t Тип документа f
w Контрольный № источника UONB/MAIN/f8aa58321f6c4929bc106f8686267b08
909 Создатель записи __
a Создатель записи Тенигина